Statistiche per Paesi con maggior numero di figli per donna

Clicka qui per fare il quiz!

Statistiche generali

  • Questo quiz è stato fatto 23 volte
  • Il punteggio medio è 11 su 20

Statistiche sulle risposte

HintRisposta% Corretto
6,70Rep. Dem. del Congo
95%
7,19Niger
89%
6,52Mali
84%
6,00Burkina Faso
74%
5,44Guinea
74%
6,80Burundi
68%
6,20Ciad
68%
7,08Guinea-Bissau
68%
5,36Guinea Equatoriale
58%
5,59Malawi
58%
6,46Uganda
58%
6,43Angola
53%
5,92Ruanda
53%
6,04Somalia
53%
5,42Benin
47%
6,47Sierra Leone
47%
6,77Liberia
37%
7,07Afghanistan
16%
5,50Yemen
16%
6,53Timor Est
0%

Distribuzione punteggi

Percentile per numero di risposta

Percentuale di utenti per punteggio

I tuoi punteggi nel tempo

Non hai fatto questo quiz